LEADER 00863cam0 22002533 450 001 SOB000000682 005 20120723152237.0 010 $a8813196466 100 $a20010122d1996 |||||ita|0103 ba 101 $aita 102 $aIT 200 1 $aProfili di relazionalità della colpa$eContributo ad una teoria della responsabilità extracontrattuale$fFabrizio Cafaggi 210 $aPadova$cCEDAM$d1996 215 $aXIV, 594 p.$d24 cm. 700 1$aCafaggi$b, Fabrizio$3AF00008514$4070$0139960 801 0$aIT$bUNISOB$c20120723$gRICA 850 $aUNISOB 852 $aUNISOB$j340$m93413 912 $aSOB000000682 940 $aM 102 Monografia moderna SBN 941 $aM 957 $a340$b001124$gSI$d93413$rACQUISTO$1bethb$2UNISOB$3UNISOB$420120723152204.0$520120723152224.0$6bethb 996 $aProfili di relazionalità della colpa$9279730 997 $aUNISOB